Normal view
MARC view
Entry Nombre personal
001 - NÚMERO DE CONTROL
- campo de control: 754
003 - IDENTIFICADOR DE NÚMERO DE CONTROL
- campo de control: DLC
005 - FECHA Y HORA DE LA ÚLTIMA TRANSACCIÓN
- campo de control: 20260304113858.0
008 - ELEMENTOS DE DATO DE LONGITUD-FIJA
- campo de control de longitud fija: 140820n| azannaabn |a aaa c
010 ## - NÚMERO DE CONTROL DE LA BIBLIOTECA DEL CONGRESO
- Número de control de LC: ns2014003831
035 ## - NÚMERO DE CONTROL DEL SISTEMA
- Número de control de sistema: (OCoLC)oca09942704
040 ## - FUENTE DE CATALOGACIÓN
- Centro catalogador/agencia de origen: MX-SlUA
- Lengua de catalogación: eng
- Normas de descripción: rda
- Centro/agencia transcriptor: MX-SlUA
- Centro/agencia modificador: UUML
046 ## - FECHAS CON CODIFICACIÓN ESPECIAL
- Fecha de nacimiento: 1982-03-22
- Fuente del esquema de fecha: edtf
100 1# - ENCABEZAMIENTO-NOMBRE DE PERSONA
- Nombre de persona: Edelsztein, Valeria
370 ## - LUGAR ASOCIADO
- Lugar de nacimiento: Buenos Aires (Argentina)
- Fuente del término: naf
372 ## - CAMPO DE ACTIVIDAD
- Campo de actividad: Science--Study and teaching
- Fuente del término: lcsh
373 ## - GRUPO ASOCIADO
- Grupo asociado: Universidad de Buenos Aires
- Grupo asociado: FLACSO (Organization). Programa Argentina
- Grupo asociado: Consejo Nacional de Investigaciones Científicas y Técnicas (Argentina)
- Grupo asociado: Instituto Tecnológico de Buenos Aires
- Fuente del término: naf
374 ## - OCUPACIÓN
- Ocupación: Chemistry teachers
- Ocupación: Scientists
- Ocupación: Science writers
- Fuente del término: lcsh
377 ## - IDIOMA ASOCIADO
- Código del idioma: spa
400 1# - TRAZADO DE VÉASE--NOMBRE DE PERSONA
- Nombre de persona: Edelsztein, Valeria Carolina
670 ## - FUENTE DE DATOS ENCONTRADOS
- Cita de la fuente: Los remedios de la abuela: mitos y verdades de la medicina casera, 2011:
- Información encontrada: title page (Valeria Edelsztein)
670 ## - FUENTE DE DATOS ENCONTRADOS
- Cita de la fuente: Contemos historias: ciencia para mentes curiosas, 2021 :
- Información encontrada: title page (Valeria Edelsztein) page [95] (Valeria Edelsztein was born in 1982; studied chemical sciences at the Universidad de Buenos Aires and obtained a degree in science teaching at FLACSO; currently works as a researcher at CONICET and as a chemistry teacher; she also coordinates the science workshop "Laboratorio de ideas", advises on scientific content, is a science columnist on television programs and conducts the podcast "Contemos historias"; she has created content for textbooks and has written various science-related books, among them Marie Curie: el coraje de una científica, Científicas: cocinan, limpian y ganan el premio Nobel (y nadie se entera), and the series Ciencia para todo el año)
670 ## - FUENTE DE DATOS ENCONTRADOS
- Cita de la fuente: Wikipedia, viewed 12 Nov 2021
- Información encontrada: (Valeria Carolina Edelsztein, Argentinian scientist, chemist, teacher and popular science communicator; born in Buenos Aires 22 Mar 1982; undergraduate degree in chemical sciences in 2006 from the Universidad de Buenos Aires and doctorate in organic chemistry in 2010; currently teaches at Instituto Tecnológico de Buenos Aires)
- Identificador Uniforme de Recurso: https://es.wikipedia.org/wiki/Valeria_Edelsztein